000 00265nam a2200109Ia 4500
008 190216s9999||||xx |||||||||||||| ||und||
100 _aVarier P M
245 0 _aMahacharithamala
260 _bKairali Childrens Book Trust
650 _aJeeva Charithram
942 _cBK
999 _c25585
_d25585